000 005690000a22001810004500
003 MACL
005 20160331155056.0
008 160331b xxu||||| |||| 00| 0 eng d
040 _aMACL
_cMACL
041 _aHindi
082 _a323
100 _aशर्मा सीताराम
_949368
245 _aमानव अधिकार और प्रजातंत्र
260 _aनई दिल्‍ली
_bबालाजी प्रकाशन
_c2011
350 _a300
650 _aमानवधिकार
_949369
942 _cHIN
_k323
_2ddc
999 _c48599
_d48599